| 000 | 00215nam a22000617a 4500 | ||
|---|---|---|---|
| 999 |
_c23972 _d23972 |
||
| 003 | Nust | ||
| 005 | 20170308115710.0 | ||
| 008 | 140429b xxu||||| |||| 00| 0 eng d | ||
| 020 | _a0894120026 | ||
| 040 |
_aDLC _bDLC _cRCMS |
||
| 082 | _a005.82 FRI | ||
| 100 | _aFriedman, William F | ||
| 245 | _aThe Classic Elements of Cryptanalysis with new added Problems for Solver | ||
| 260 |
_aUSA _bAegean park press _cc1976 |
||
| 300 |
_av,172,p _bill _c26,cm. |
||
| 650 | _aCryptography | ||
| 856 | _3Table of content only | ||
| 942 |
_2ddc _cBK |
||